Prehistoric indians of the Southwest (Record no. 9242)

MARC details
000 -CABECERA
campo de control de longitud fija 00975nam a2200277 a 4500
001 - NÚMERO DE CONTROL
campo de control BRL_430
005 - FECHA Y HORA DE LA ÚLTIMA TRANSACCIÓN
campo de control 20190320210734.0
008 - DATOS DE LONGITUD FIJA--INFORMACIÓN GENERAL
campo de control de longitud fija 120813s1951----u--a######---#000-0#eng-#
041 ## - CÓDIGO DE LENGUA
Código de lengua del texto/banda sonora o título independiente eng
044 ## - CÓDIGO DEL PAÍS DE LA ENTIDAD EDITORA/PRODUCTORA
Código MARC del país u
050 #4 - SIGNATURA TOPOGRÁFICA DE LA BIBLIOTECA DEL CONGRESO
Número de clasificación QH1
Número de documento/Ítem .W67 1951
100 1# - ENTRADA PRINCIPAL--NOMBRE DE PERSONA
Nombre de persona Wormington, H. M.
Fechas asociadas al nombre 1914-
Forma completa/desarrollada del nombre (Hannah Marie)
9 (RLIN) 23888
245 10 - MENCIÓN DE TÍTULO
Título Prehistoric indians of the Southwest
Mención de responsabilidad, etc. by H. M. Wormington ; appendix: Outstanding exhibit-sites, modern pueblos. Local museums by Erik K. Reed.
250 ## - MENCIÓN DE EDICIÓN
Mención de edición 2
260 ## - PUBLICACIÓN, DISTRIBUCIÓN, ETC.
Lugar de publicación, distribución, etc. Denver, Colorado
Nombre del editor, distribuidor, etc. The Denver Museum Of Natural History
Fecha de publicación, distribución, etc. 1951
300 ## - DESCRIPCIÓN FÍSICA
Extensión 191 p.
Otras características físicas il.
Dimensiones 23 cm.
440 #0 - MENCIÓN DE SERIE/PUNTO DE ACCESO ADICIONAL--TÍTULO
Título Popular Series
Designación de volumen o secuencia 7
9 (RLIN) 23889
500 ## - NOTA GENERAL
Nota general Incluye glosario e índice alfabético
500 ## - NOTA GENERAL
Nota general Au455
504 ## - NOTA DE BIBLIOGRAFÍA, ETC.
Nota de bibliografía, etc. Bibliografía: p. [174]-180
650 14 - PUNTO DE ACCESO ADICIONAL DE MATERIA--TÉRMINO DE MATERIA
Término de materia o nombre geográfico como elemento de entrada Indígenas de América del Norte
Subdivisión general Antigüedades
Subdivisión geográfica Nuevo Suroeste
9 (RLIN) 23890
651 #4 - PUNTO DE ACCESO ADICIONAL DE MATERIA--NOMBRE GEOGRÁFICO
Nombre geográfico Nuevo Suroeste
Subdivisión general Antigüedades
9 (RLIN) 23891
700 1# - PUNTO DE ACCESO ADICIONAL--NOMBRE DE PERSONA
Nombre de persona Reed, Erik Kellerman
Fechas asociadas al nombre 1914-
9 (RLIN) 23892
902 ## - CATALOGADOR
Iniciales GRL
942 ## - ELEMENTOS DE PUNTO DE ACCESO ADICIONAL (KOHA)
Fuente del sistema de clasificación o colocación Library of Congress Classification
Tipo de ítem Koha Libros
Holdings
Estado de retiro Estado de pérdida Estado dañado No para préstamo Localización permanente Ubicación/localización actual Fecha de adquisición Número de inventario Total de préstamos Signatura topográfica completa Código de barras Fecha visto por última vez Precio válido a partir de Tipo de ítem Koha
El ejemplar forma parte de la colección y puede ser consultado según las políticas vigentes.       Biblioteca Centro de Estudios Ruth D. Lechuga Biblioteca Centro de Estudios Ruth D. Lechuga 12/08/2013 Au455   QH1 .W67 1951 (Au455) GRL00460 22/03/2019 22/03/2019 Libros